000 00340nam a2200145Ia 4500
100 _aHackett/W.J/ Robbins/G.P
650 _aGeneral
942 _cBK
654 _aSafety Science For Technicians
245 _aSafety Science For Technicians
260 _bLongman
_aLondon
_c1980
082 _a363.1
300 _a149
546 _aENGLISH
999 _c25806
_d25806